Konferencia o budúcnosti Európy bakalárska práca

Na minha lista:
Detalhes bibliográficos
Autor principal: Žáčiková, Ema
Autor Corporativo: Fakulta medzinárodných vzťahov EU. Katedra medzinárodných ekonomických vzťahov a hospodárskej diplomacie
Outros Autores: Harakaľová, Ľubica, 1963-
Formato: Livro
Idioma:eslovaco
Publicado em: Bratislava 2023
Tags: Adicionar Tag
Sem tags, seja o primeiro a adicionar uma tag!

MARC

LEADER 00000nbm a2200000 4500
001 0293232
005 20240320092929.1
041 0 |a slo 
044 |a SK 
245 1 0 |a Konferencia o budúcnosti Európy  |b bakalárska práca  |c Ema Žáčiková ; školiteľ: Ľubica Harakaľová 
264 1 |a Bratislava  |c 2023 
300 |a 44 s. 
100 1 |a Žáčiková, Ema 
700 1 |a Harakaľová, Ľubica, 1963- 
710 2 |a Fakulta medzinárodných vzťahov EU. Katedra medzinárodných ekonomických vzťahov a hospodárskej diplomacie